00345nam a2200145Ia 4500003000400000005001700004008004100021040000700062041001200069082001700081100002500098245002500123260004300148365000800191OSt20250923184636.0210423s9999 xx 000 0 und d cAL aEnglish a303.6 bSHED aRajshekar Shetty V T aDestroy caste system bDalit Sahitya AcademyaNew Delhic2002 cINR